| 000 | 00404pab a2200145 454500 | ||
|---|---|---|---|
| 008 | 180718b1985 xxu||||| |||| 00| 0 eng d | ||
| 100 | _aSolomos, John | ||
| 245 |
_aProblems, but whose problems _bThe social construction of black youth unemployment and stats policies |
||
| 260 | _c1985 | ||
| 300 | _a527-54 | ||
| 362 | _aOct. | ||
| 650 | _aYouth | ||
| 773 | _aJournal of Social Policy | ||
| 909 | _a21091 | ||
| 999 |
_c21091 _d21091 |
||